LEADER 01028nam a2200265 i 4500 001 000000137235 003 CaOOAMICUS 005 20050411000000.0 008 050411s1997 it u000 u ita u 013 $a111008 020 $a88-7818-207-9 040 $aSeMil$bita 100 1 $aUhlman, Fred,$d<1901-1985>.$0(OLS)http://semarc/name/19546 245 10$aSotto i lampi e la luna :$bromanzo /$cFred Uhlman ; traduzione di Dolores Musso. 260 $aMilano :$bTEA,$c1997. 300 $a110 p. ;$c19 cm. 490 0 $aTEAdue ;$v565 700 1 $aMusso, Dolores.$0(OLS)http://semarc/name/55727 830 0$aTEAdue ;$v565.$0(OLS)http://semarc/title/23645 850 $aSeMil 852 $aSeMil$W1$xVenegono$y1$m1O II 29$j90790$B90790$CSeMilBibl$Z2$F95691 $81 961 $aOmaggio: Poma mons. Gianfranco 996 $6020$a88-7818-207-9$9(OLS)http://semarc/number/124905 996 $6245$aSotto i lampi e la luna :$bromanzo$9(OLS)http://semarc/title/200502 996 $6260$aMilano :$bTEA$9(OLS)http://semarc/publisher/32364 LEADER 01245nam a2200277 i 4500 001 000000221764 003 CaOOAMICUS 005 20130807000000.0 008 130807s1999 it u000 u ita u 013 $a200661 020 $a88-395-6172-2 040 $aSeMil$bita 100 1 $aGiacoletto Papas, Valerio.$0(OLS)http://semarc/name/77561 245 10$aFilosofia e romanzo :$bletture filosofiche del romanzo europeo del Novecento /$cValerio Giacoletto Papas. 260 $aTorino :$bParavia scriptorium,$c1999. 300 $a213 p. ;$c21 cm. 490 0 $aI fili del pensiero 650 4$aLetteratura e filosofia.$0(OLS)http://semarc/subject/10200 650 4$aFilosofia - Rapporti [con la] Letteratura.$0(OLS)http://semarc/subject/10623 830 2$aI fili del pensiero.$0(OLS)http://semarc/title/9223 850 $aSeMil 852 $aSeMil$W1$xVenegono$y1$m1O III 48$j172113$B172113$CSeMilBibl$Z2$F187160 $81 961 $aOmaggio: Conti don Ermenegildo 996 $6020$a88-395-6172-2$9(OLS)http://semarc/number/220961 996 $6245$aFilosofia e romanzo :$bletture filosofiche del romanzo europeo del Novecento$9(OLS)http://semarc/title/317932 996 $6260$aTorino :$bParavia scriptorium$9(OLS)http://semarc/publisher/37840